Sports Quiz

Random Sports or NBA Quiz

NBA Most Career Losses since 1985 Quiz Stats

Quiz not verified by Sporcle

Score 0/25 Timer 08:00
0 Plays Today
Losses Player % Correct
622Reggie Miller
76.7%
559Kevin Garnett
69.2%
537Joe Smith
59.4%
579Jason Kidd
58.6%
593Mark Jackson
52.6%
555Shareef Abdur-Rahim
46.6%
582Dikembe Mutombo
44.4%
623 Antawn Jamison
41.4%
634Juwan Howard
40.6%
616Kevin Willis
39.8%
565Charles Oakley
39.1%
544Mitch Richmond
33.8%
544Clifford Robinson
30.8%
Losses Player % Correct
556Andre Miller
24.1%
563Dell Curry
21.1%
531Derek Harper
20.3%
574Otis Thorpe
15.8%
548Elton Brand
12.8%
531Jamal Crawford
11.3%
664Johnny Newman
10.5%
564Clarence Weatherspoon
9.8%
589Grant Long
9%
553Michael Cage
7.5%
563Donyell Marshall
6%
532Bimbo Coles
5.3%

You're not logged in!

Compare scores with friends on all Sporcle quizzes.
Sign Up with Email
OR
Log In

You Might Also Like...

Show Comments

Extras

Top Quizzes Today


Score Distribution

Your Account Isn't Verified!

In order to create a playlist on Sporcle, you need to verify the email address you used during registration. Go to your Sporcle Settings to finish the process.

Report this User

Report this user for behavior that violates our Community Guidelines.

Details: